Regresná a korelačná analýza ceny vybraného produktu bakalárska práca

Salvato in:
Dettagli Bibliografici
Autore principale: Krankotová, Barbara
Ente Autore: Podnikovohospodárska fakulta EU so sídlom v Košiciach. Katedra kvantitatívnych metód
Altri autori: Dluhoš, Martin, 1991-
Natura: Libro
Lingua:slovacco
Pubblicazione: Košice 2017
Tags: Aggiungi Tag
Nessun Tag, puoi essere il primo ad aggiungerne!!

MARC

LEADER 00000nbm a2200000 4500
001 0231700
005 20171113104514.4
041 0 |a slo 
044 |a SK 
245 1 0 |a Regresná a korelačná analýza ceny vybraného produktu  |b bakalárska práca  |c Barbara Krankotová ; školiteľ: Martin Dluhoš 
264 1 |a Košice  |c 2017 
300 |a 48 s. 
100 1 |a Krankotová, Barbara 
700 1 |a Dluhoš, Martin, 1991- 
710 2 |a Podnikovohospodárska fakulta EU so sídlom v Košiciach. Katedra kvantitatívnych metód